Normal view
MARC view
- طلاب-تسرب-مصر
Entry Topical Term
001 - CONTROL NUMBER
- control field: 36924
003 - CONTROL NUMBER IDENTIFIER
- control field: JO-AjAnu
005 - DATE AND TIME OF LATEST TRANSACTION
- control field: 20230606080148.0
008 - FIXED-LENGTH DATA ELEMENTS
- fixed length control field: 230606|| aca||aabn | a|a d
040 ## - CATALOGING SOURCE
- Original cataloging agency: JO-AjAnu
- Transcribing agency: JO-AjAnu
150 ## - HEADING--TOPICAL TERM
- Topical term or geographic name entry element: طلاب-تسرب-مصر
670 ## - SOURCE DATA FOUND
- Source citation: Work cat.: (JO-AjAnu)18951: حسانين، محمد سمير, author 36923, تغيب الطلاب عن المدرسة الثانوية العامة (بحث ميداني)